000 00415nam a2200157 i 4500
001 129080
003 ES-MaACL
005 20230906193432.0
007 t|
008 070605s1969 sp ||||1| spa d
100 1 _aTejero, Eusebio.
_9109600
245 1 0 _aPĂ­caro mundo-- /
_cEusebio Tejero.
260 _aMadrid :
_b[Imp. Fareso],
_c1969.
300 _a201 p. ;
_c18 cm.
852 _aES-MaACL
_jC-35875
_bR.69904
999 _c129080
_d129080